000 00614nam a2200181Ia 4500
008 100920s9999 xx 000 0 und d
082 _b73968
_a24 थ 99
100 _aगानू श्वेता.
245 _aजे. आर. डी टाटा.
260 _bमोरया प्रकाशन, डोंबिवली (पश्चिम), जि. ठाणे.
_c1999
300 _a40
_bसाधी
365 _b15
520 _aसायो.
630 _aजे. आर. डी टाटा.
650 _aसायो.
730 _aजे. आर. डी टाटा.
942 _cBOOK
999 _c715599
_d715596